000 01012nam0a22002411i 4500
001 rc\937030
005 20240726035136.0
035 _a(NLR Aleph) 006109798
090 _a5346696
_c5346696
100 _a20041129d1982 u |0rusy50 ca
101 0 _arus
102 _aRU
105 _ay |||||||||
200 1 _aСпециализация и концентрации производства плодоовощных консервов
_e(На материалах плодоовощной консерв. пром-сти ЛитССР)
_eАвтореф. дис. на соиск. учен. степ. канд. экон. наук
_e(08.00.05)
210 _aВильнюс
_d1982
215 _a19 с.
300 _aВ надзаг.: АН ЛитССР, Ин-т экономики
320 _aБиблиогр.: с. 19 (6 назв.)
700 1 _aВалянтинавичюс
_bС.С.
_gСтасис Стасевич
801 0 _aRU
_bNLR
_gpsbo
801 1 _aRU
_bELAR
_2rusmarc
852 _aNLR
_j83-4/16717
942 _cBOOK